[Event "NAYCC U12"]
[Site "Toronto CAN"]
[Date "2013.08.17"]
[Round "7"]
[White "Wan, Kevin"]
[Black "Zhu, Jeffrey Xin Yu"]
[Result "0-1"]
[WhiteElo "2133"]
[BlackElo "1574"]
[PlyCount "56"]
[GameId "2160767909275604"]
[EventDate "2013.08.14"]
[EventType "swiss"]
[EventRounds "9"]
[EventCountry "CAN"]
[SourceTitle "EXT 2022"]
[Source "ChessBase"]
[SourceDate "2021.10.06"]
[SourceVersion "1"]
[SourceVersionDate "2021.10.06"]
[SourceQuality "1"]

1. e4 e5 2. Nf3 Nc6 3. Bb5 Bc5 4. O-O Nf6 5. d3 d6 6. c3 O-O 7. Bg5 Bg4 8. h3 Bh5 9. Nbd2 a6 10. Bxc6 bxc6 11. Qa4 Qd7 12. Rae1 Kh8 13. d4 exd4 14. cxd4 Bb6 15. Bxf6 gxf6 16. Rc1 Rg8 17. Kh2 Qe7 18. Rxc6 Rg7 19. Rc3 d5 20. e5 f5 21. Rg1 Rag8 22. Qc6 Bxd4 23. Qxc7 Qxc7 24. Rxc7 Bxf2 25. Rf1 Rxg2+ 26. Kh1 Be3 27. Nh4 Rxd2 28. Nxf5 Bf3+ 0-1

[Event "NAYCC U12"]
[Site "Toronto CAN"]
[Date "2013.08.17"]
[Round "7"]
[White "Xiao, Kevin"]
[Black "Chertkow, Matthew"]
[Result "1-0"]
[WhiteElo "1247"]
[BlackElo "1046"]
[PlyCount "113"]
[GameId "2160767909275605"]
[EventDate "2013.08.14"]
[EventType "swiss"]
[EventRounds "9"]
[EventCountry "CAN"]
[SourceTitle "hb 2013"]

1. e4 e5 2. Nf3 Nc6 3. d4 exd4 4. Bc4 Nf6 5. O-O Bc5 6. e5 Ng4 7. Re1 O-O 8. h3 Nh6 9. Bxh6 gxh6 10. c3 dxc3 11. Nxc3 d6 12. exd6 Qxd6 13. Qxd6 Bxd6 14. Rad1 Bf5 15. Nb5 Rfd8 16. Nxd6 Rxd6 17. Rxd6 cxd6 18. Rd1 Rd8 19. Bd5 Be6 20. Bxc6 bxc6 21. Ne5 Bd5 22. Ng4 Bxa2 23. Ra1 Be6 24. Rxa7 Bxg4 25. hxg4 Rb8 26. Ra6 Rxb2 27. Rxc6 Rb1+ 28. Kh2 d5 29. Rd6 Rb2 30. f3 Rd2 31. Rxh6 d4 32. Rd6 d3 33. Kg3 Kg7 34. g5 Rd1 35. f4 d2 36. Kf2 Kf8 37. g3 Ke7 38. Rd3 Rh1 39. Rxd2 Rh2+ 40. Ke3 Rxd2 41. Kxd2 Ke6 42. Ke3 Kf5 43. Kf3 f6 44. gxf6 Kxf6 45. Kg4 Kg6 46. f5+ Kf6 47. Kf4 h6 48. g4 Kf7 49. Ke5 Kg7 50. Ke6 Kg8 51. Ke7 h5 52. gxh5 Kh7 53. f6 Kh6 54. f7 Kh7 55. h6 Kh8 56. f8=Q+ Kh7 57. Qg7# 1-0

[Event "NAYCC U12"]
[Site "Toronto CAN"]
[Date "2013.08.17"]
[Round "7"]
[White "Xu, Jeffrey"]
[Black "Shen, Christopher"]
[Result "1-0"]
[WhiteElo "1976"]
[BlackElo "2018"]
[PlyCount "125"]
[GameId "2160767909275606"]
[EventDate "2013.08.14"]
[EventType "swiss"]
[EventRounds "9"]
[EventCountry "CAN"]
[SourceTitle "EXT 2022"]
[Source "ChessBase"]
[SourceDate "2021.10.06"]
[SourceVersion "1"]
[SourceVersionDate "2021.10.06"]
[SourceQuality "1"]

1. e4 c5 2. Nf3 Nc6 3. Bb5 g6 4. Bxc6 dxc6 5. d3 Bg7 6. Nc3 Nf6 7. Be3 b6 8. Qd2 O-O 9. Bh6 Ng4 10. Bxg7 Kxg7 11. O-O-O Nf6 12. h4 a5 13. Rdg1 a4 14. h5 Ng4 15. Nh2 Rh8 16. Nxg4 Bxg4 17. f3 Be6 18. f4 a3 19. f5 axb2+ 20. Kb1 Bd7 21. fxg6 hxg6 22. Qg5 e6 23. h6+ Kh7 24. Qf4 Qe7 25. e5 b5 26. Ne4 Rhf8 27. Qf6 Qxf6 28. Nxf6+ Kh8 29. Nxd7 Rfd8 30. Nxc5 Rd5 31. Nb3 c5 32. Rh4 Rc8 33. Kxb2 c4 34. Nc1 c3+ 35. Kb3 Rxe5 36. Re4 Rh5 37. Ne2 Rxh6 38. Nxc3 Rh5 39. Ne2 Kg7 40. c4 Kf6 41. Rf1+ Ke7 42. cxb5 Rxb5+ 43. Rb4 Rxb4+ 44. Kxb4 Rc2 45. Nc3 Rxg2 46. a4 Rd2 47. Kc4 Rb2 48. a5 Rb8 49. a6 f5 50. a7 Ra8 51. Nb5 g5 52. Kc5 g4 53. Kb6 Rf8 54. Kb7 e5 55. a8=Q Rxa8 56. Kxa8 f4 57. Kb7 g3 58. Nc3 g2 59. Rg1 f3 60. Ne4 Ke6 61. Ng5+ Kf5 62. Nxf3 Kf4 63. Ne1 1-0

[Event "NAYCC U12"]
[Site "Toronto CAN"]
[Date "2013.08.17"]
[Round "7"]
[White "Yang, Michael"]
[Black "Hou, Frank Gui"]
[Result "0-1"]
[WhiteElo "387"]
[BlackElo "987"]
[PlyCount "41"]
[GameId "2160767909275607"]
[EventDate "2013.08.14"]
[EventType "swiss"]
[EventRounds "9"]
[EventCountry "CAN"]
[SourceTitle "EXT 2022"]
[Source "ChessBase"]
[SourceDate "2021.10.06"]
[SourceVersion "1"]
[SourceVersionDate "2021.10.06"]
[SourceQuality "1"]

1. d4 d5 2. g3 Nc6 3. Nf3 Nf6 4. Bg5 Bg4 5. Bg2 h6 6. Bxf6 exf6 7. Nc3 Bb4 8. O-O O-O 9. h3 Bxc3 10. bxc3 Be6 11. Nh4 Qd7 12. Kh2 Rfe8 13. Nf3 Ne7 14. h4 g5 15. hxg5 hxg5 16. e4 dxe4 17. Nd2 Kg7 18. Nxe4 Rh8+ 19. Kg1 Bh3 20. Re1 Bxg2 21. Kxg2 0-1

[Event "NAYCC U12"]
[Site "Toronto CAN"]
[Date "2013.08.17"]
[Round "7"]
[White "Yie, Kevin Yi Xiao"]
[Black "Balendra, Harigaran"]
[Result "0-1"]
[WhiteElo "1578"]
[BlackElo "1317"]
[PlyCount "132"]
[GameId "2160767909275608"]
[EventDate "2013.08.14"]
[EventType "swiss"]
[EventRounds "9"]
[EventCountry "CAN"]
[SourceTitle "EXT 2022"]
[Source "ChessBase"]
[SourceDate "2021.10.06"]
[SourceVersion "1"]
[SourceVersionDate "2021.10.06"]
[SourceQuality "1"]

1. d4 d5 2. Bf4 Nf6 3. e3 e6 4. Nf3 c5 5. c3 Nc6 6. Be2 cxd4 7. exd4 Be7 8. h3 Bd7 9. O-O O-O 10. Nbd2 a6 11. Re1 Re8 12. Bd3 h6 13. Ne5 Bd6 14. Nxf7 Kxf7 15. Bxd6 Ne7 16. Bg3 Qb6 17. Qb3 Qa7 18. Nf3 Kg8 19. Ne5 Bc6 20. Ng6 Bd7 21. Qc2 Qb6 22. Ne5 Rf8 23. Qb3 Qxb3 24. axb3 Bc8 25. b4 b6 26. Rad1 Nf5 27. Bh2 Nd7 28. g4 Nxe5 29. Bxe5 Nh4 30. Re3 Nf3+ 31. Kg2 Nxe5 32. Rxe5 b5 33. Rde1 Bd7 34. Kg3 Rf6 35. R1e2 Raf8 36. h4 Rf3+ 37. Kg2 Rxd3 38. g5 Rf4 39. gxh6 Rg4+ 40. Kf1 Rd1+ 41. Re1 Rxe1+ 42. Kxe1 gxh6 43. Rh5 Kg7 44. f3 Rf4 45. Kf2 Kg6 46. Re5 Rxh4 47. Kg3 Rh5 48. Re2 Rf5 49. b3 h5 50. f4 h4+ 51. Kxh4 Rxf4+ 52. Kg3 Rf5 53. Rh2 Be8 54. Re2 Bd7 55. Ra2 Bc8 56. Rc2 Kf6 57. c4 dxc4 58. bxc4 bxc4 59. Rxc4 Bd7 60. Rc7 Bb5 61. Rc2 Ke7 62. Rh2 Kd6 63. Rd2 Kd5 64. Kg4 Kc4 65. Re2 Rd5 66. Rxe6 Bd7 0-1

[Event "NAYCC U12"]
[Site "Toronto CAN"]
[Date "2013.08.17"]
[Round "7"]
[White "Zhang, Zhehai"]
[Black "Chen, Richard"]
[Result "1/2-1/2"]
[WhiteElo "1526"]
[BlackElo "1942"]
[PlyCount "111"]
[GameId "2160767909275609"]
[EventDate "2013.08.14"]
[EventType "swiss"]
[EventRounds "9"]
[EventCountry "CAN"]
[SourceTitle "hb 2013"]

1. e4 c5 2. Nf3 Nc6 3. d4 cxd4 4. Nxd4 Nf6 5. Nc3 e5 6. Nb3 Bb4 7. Bd3 d5 8. exd5 Nxd5 9. Bd2 O-O 10. O-O Be6 11. Qh5 f5 12. Rad1 Bxc3 13. bxc3 Kh8 14. Nc5 Bc8 15. c4 Nf6 16. Qh3 Qe7 17. Nb3 e4 18. Be2 Ne5 19. Qc3 Ng6 20. Be3 Nd7 21. f4 b6 22. c5 Qf6 23. Qb4 a5 24. Qd2 a4 25. c6 Qxc6 26. Nd4 Qf6 27. Nb5 Nc5 28. Bxc5 bxc5 29. Qd5 Be6 30. Qxc5 Rac8 31. Qb6 Rxc2 32. Nd4 Rxe2 33. Nxe2 Bc4 34. Qxf6 gxf6 35. Rfe1 Bxe2 36. Rxe2 Nxf4 37. Rf2 Nd3 38. Rxf5 Kg7 39. h3 Re8 40. Rff1 Nb4 41. Rd2 e3 42. Re2 Kg6 43. g3 Nc6 44. Rf4 Re5 45. Rxa4 Ne7 46. Rc4 Kf5 47. Kg2 Ke6 48. Kf3 Kd5 49. Ra4 Nf5 50. Ra5+ Kd4 51. Ra4+ Kd3 52. Ra3+ Kd4 53. g4 Nh4+ 54. Kg3 Ng6 55. Rb3 Ne7 56. Kf3 1/2-1/2

[Event "NAYCC U12"]
[Site "Toronto CAN"]
[Date "2013.08.17"]
[Round "7"]
[White "Zhao, Harry"]
[Black "Seela, Anirudh"]
[Result "1/2-1/2"]
[WhiteElo "1767"]
[BlackElo "1812"]
[PlyCount "107"]
[GameId "2160767909275610"]
[EventDate "2013.08.14"]
[EventType "swiss"]
[EventRounds "9"]
[EventCountry "CAN"]
[SourceTitle "hb 2013"]

1. d4 Nf6 2. Nf3 e6 3. Nbd2 b6 4. e4 d5 5. Bd3 Bb7 6. e5 Nfd7 7. Qe2 c5 8. c3 Nc6 9. a3 Be7 10. O-O O-O 11. Re1 a6 12. Nf1 b5 13. Bb1 Rc8 14. Qd3 g6 15. Bh6 Re8 16. h4 Bxh4 17. g3 Be7 18. N1h2 cxd4 19. cxd4 Na5 20. Kg2 Bf8 21. Ng4 Bxh6 22. Nxh6+ Kg7 23. Qe3 Rh8 24. Ng5 Qe7 25. Ngxf7 Rhf8 26. Nd6 Nc4 27. Qe2 Nxd6 28. exd6 Qxd6 29. Ng4 Rce8 30. Ne5 Nxe5 31. Qxe5+ Qxe5 32. Rxe5 Rf6 33. Bd3 Rc8 34. Rae1 Rc6 35. R1e2 Bc8 36. Rc2 Rxc2 37. Bxc2 Rf7 38. f4 Rc7 39. Re2 Rc4 40. Rd2 a5 41. Bb3 Rc1 42. Rc2 Rxc2+ 43. Bxc2 b4 44. Ba4 Ba6 45. Kf3 Kf6 46. Bd1 h5 47. Bc2 Bf1 48. Ba4 Bd3 49. Ke3 Be4 50. Bd1 Kf5 51. Be2 Kf6 52. Bd1 Kf5 53. Be2 Kf6 54. Bd1 1/2-1/2

[Event "NAYCC U12"]
[Site "Toronto CAN"]
[Date "2013.08.17"]
[Round "7"]
[White "Zhou, Yuetong (Davy)"]
[Black "Huang, Immanuel"]
[Result "1-0"]
[WhiteElo "2008"]
[BlackElo "1517"]
[PlyCount "43"]
[GameId "2160767909275612"]
[EventDate "2013.08.14"]
[EventType "swiss"]
[EventRounds "9"]
[EventCountry "CAN"]
[SourceTitle "hb 2013"]

1. e4 e5 2. f4 d6 3. Nf3 Nc6 4. Nc3 Nf6 5. Bb5 Bg4 6. O-O Be7 7. Bxc6+ bxc6 8. d3 O-O 9. h3 Bxf3 10. Qxf3 h6 11. Kh1 Nh7 12. fxe5 dxe5 13. Qg3 Kh8 14. Qxe5 Bd6 15. Qf5 Re8 16. Be3 Qh4 17. Ne2 Re5 18. Qxf7 Rf8 19. Qg6 Rxf1+ 20. Rxf1 Qe7 21. Nd4 Ng5 22. Nxc6 1-0

[Event "NAYCC U12"]
[Site "Toronto CAN"]
[Date "2013.08.17"]
[Round "7"]
[White "Zotkin, Daniel"]
[Black "Corvera Choi, Malik"]
[Result "1-0"]
[WhiteElo "1974"]
[BlackElo "1539"]
[PlyCount "50"]
[GameId "2160767909275613"]
[EventDate "2013.08.14"]
[EventType "swiss"]
[EventRounds "9"]
[EventCountry "CAN"]
[SourceTitle "hb 2013"]

1. e4 c5 2. Nf3 d6 3. Bb5+ Bd7 4. Bxd7+ Nxd7 5. O-O Ngf6 6. Re1 g6 7. c3 Bg7 8. d4 cxd4 9. cxd4 O-O 10. Nc3 a6 11. Bg5 Qc7 12. e5 dxe5 13. dxe5 Ng4 14. Nd5 Qc5 15. Nxe7+ Kh8 16. Qxd7 Qxf2+ 17. Kh1 h5 18. Qd2 Qc5 19. h3 Nf2+ 20. Kh2 Rad8 21. Nxg6+ fxg6 22. Bxd8 Re8 23. Bf6 Bxf6 24. exf6 Qc7+ 25. g3 h4 1-0

[Event "NAYCC U12"]
[Site "Toronto CAN"]
[Date "2013.08.18"]
[Round "8"]
[White "Balendra, Harigaran"]
[Black "Zhao, Harry"]
[Result "0-1"]
[WhiteElo "1317"]
[BlackElo "1767"]
[PlyCount "200"]
[GameId "2160767909275614"]
[EventDate "2013.08.14"]
[EventType "swiss"]
[EventRounds "9"]
[EventCountry "CAN"]
[SourceTitle "EXT 2022"]
[Source "ChessBase"]
[SourceDate "2021.10.06"]
[SourceVersion "1"]
[SourceVersionDate "2021.10.06"]
[SourceQuality "1"]

1. e4 d5 2. exd5 Qxd5 3. Nc3 Qa5 4. d4 Nf6 5. Bd2 c6 6. Nf3 Bg4 7. Be2 Nbd7 8. O-O Qc7 9. Ne5 Be6 10. Bf4 Qd8 11. Nf3 g6 12. Ng5 Bd5 13. Bd2 Qb6 14. Nxd5 cxd5 15. Bc3 Bg7 16. b3 O-O 17. Bb2 Rac8 18. Re1 e6 19. Bd3 Rfd8 20. Qf3 h6 21. Nh3 a5 22. a4 Nb8 23. Rad1 Na6 24. Ba3 Ne8 25. Bxa6 Qxa6 26. c3 Qc6 27. Rc1 Nd6 28. Bxd6 Rxd6 29. Nf4 Qb6 30. Rb1 Rdc6 31. Ne2 Qa6 32. b4 axb4 33. Rxb4 Bf8 34. Rb3 Rc4 35. Reb1 R8c7 36. Qf4 Qxa4 37. h3 Qc6 38. Rb6 Qd7 39. Qe3 Kg7 40. Qf4 Be7 41. Qe5+ Bf6 42. Qf4 R4c6 43. R6b3 Bg5 44. Qf3 Qc8 45. Qd3 Rc4 46. Ra1 Qb8 47. g3 b5 48. Rab1 Rb7 49. f4 Be7 50. Qe3 Bd6 51. Kg2 Rcc7 52. Qd3 Rc4 53. Qe3 Rc6 54. Qd2 Rcb6 55. Nc1 b4 56. cxb4 Rxb4 57. Rxb4 Rxb4 58. Rxb4 Qxb4 59. Qxb4 Bxb4 60. Ne2 f6 61. Kf3 Bd6 62. g4 e5 63. fxe5 fxe5 64. dxe5 Bxe5 65. Nc1 Kf6 66. Nd3 Bc3 67. h4 Be5 68. Nc5 Ke7 69. Nd3 Kd6 70. h5 g5 71. Nf2 Kc5 72. Ke2 Kd4 73. Nd1 Bf4 74. Nf2 Kc3 75. Nd3 Kd4 76. Nf2 Bg3 77. Nd1 Ke4 78. Ne3 Bd6 79. Nf5 Bf8 80. Ne3 d4 81. Nd1 d3+ 82. Kd2 Bb4+ 83. Kc1 Kf3 84. Nb2 d2+ 85. Kd1 Kxg4 86. Nd3 Bc3 87. Nc5 Kf3 88. Ne6 g4 89. Nc5 g3 90. Nb3 g2 91. Nxd2+ Bxd2 92. Kxd2 g1=Q 93. Kd3 Qe3+ 94. Kc4 Ke4 95. Kb5 Qc3 96. Kb6 Qc4 97. Kb7 Qc5 98. Ka8 Qb5 99. Ka7 Kd5 100. Ka8 Kc6 0-1

[Event "NAYCC U12"]
[Site "Toronto CAN"]
[Date "2013.08.18"]
[Round "8"]
[White "Cai, Jason"]
[Black "Liang, Hairan"]
[Result "1-0"]
[WhiteElo "1778"]
[BlackElo "1073"]
[PlyCount "67"]
[GameId "2160767909275615"]
[EventDate "2013.08.14"]
[EventType "swiss"]
[EventRounds "9"]
[EventCountry "CAN"]
[SourceTitle "EXT 2022"]
[Source "ChessBase"]
[SourceDate "2021.10.06"]
[SourceVersion "1"]
[SourceVersionDate "2021.10.06"]
[SourceQuality "1"]

1. e4 e5 2. Nf3 Nc6 3. Bc4 Bc5 4. c3 Nf6 5. d3 O-O 6. Nbd2 d6 7. Bb3 Bg4 8. h3 Be6 9. Nf1 Bxb3 10. Qxb3 Bb6 11. Bg5 h6 12. Bh4 g5 13. Bg3 Ne7 14. Ne3 Kg7 15. h4 g4 16. Nd2 Bxe3 17. fxe3 Nh5 18. Bf2 b6 19. O-O-O f5 20. exf5 Nxf5 21. Qc4 Nf6 22. e4 Ne7 23. Rdf1 Qd7 24. d4 Nh5 25. g3 Ng6 26. Qd3 Rad8 27. Be1 Rxf1 28. Rxf1 Rf8 29. Rxf8 Kxf8 30. Nc4 Qe7 31. Ne3 Nf6 32. Nf5 Qh7 33. Bd2 Ng8 34. Qa6 1-0

[Event "NAYCC U12"]
[Site "Toronto CAN"]
[Date "2013.08.18"]
[Round "8"]
[White "Corvera Choi, Malik"]
[Black "Wan, Kevin"]
[Result "0-1"]
[WhiteElo "1539"]
[BlackElo "2133"]
[PlyCount "88"]
[GameId "2160767909275616"]
[EventDate "2013.08.14"]
[EventType "swiss"]
[EventRounds "9"]
[EventCountry "CAN"]
[SourceTitle "EXT 2022"]
[Source "ChessBase"]
[SourceDate "2021.10.06"]
[SourceVersion "1"]
[SourceVersionDate "2021.10.06"]
[SourceQuality "1"]

1. c4 e5 2. Nc3 d6 3. Nf3 Be6 4. d3 c5 5. g3 Nc6 6. Ng5 Bd7 7. Bg2 h6 8. Nf3 g6 9. O-O Bg7 10. a3 Nge7 11. Rb1 a5 12. Ne4 Be6 13. Bd2 f5 14. Nc3 O-O 15. e4 Qd7 16. Nd5 fxe4 17. dxe4 Bg4 18. Bc3 Nxd5 19. cxd5 Nd4 20. Bxd4 exd4 21. b4 axb4 22. axb4 Ra3 23. Rb3 Qa4 24. Rd3 Qxd1 25. Rfxd1 Rxd3 26. Rxd3 c4 27. Ra3 Bxf3 28. Bxf3 Rxf3 29. Rxf3 c3 30. e5 c2 31. e6 c1=Q+ 32. Kg2 Qe1 33. Rf7 Qe4+ 34. Kh3 Qxd5 35. Re7 Bf8 36. Re8 Kg7 37. e7 Qe6+ 38. g4 Bxe7 39. f3 Qe1 40. g5 Qf1+ 41. Kg4 Qg1+ 42. Kf4 Qe3+ 43. Kg4 h5+ 44. Kh4 Bxg5+ 0-1

[Event "NAYCC U12"]
[Site "Toronto CAN"]
[Date "2013.08.18"]
[Round "8"]
[White "D'Alonzo, Jonathan"]
[Black "Liu, Ryan"]
[Result "1-0"]
[WhiteElo "1431"]
[BlackElo "1090"]
[PlyCount "59"]
[GameId "2160767909275617"]
[EventDate "2013.08.14"]
[EventType "swiss"]
[EventRounds "9"]
[EventCountry "CAN"]
[SourceTitle "EXT 2022"]
[Source "ChessBase"]
[SourceDate "2021.10.06"]
[SourceVersion "1"]
[SourceVersionDate "2021.10.06"]
[SourceQuality "1"]

1. e4 d5 2. exd5 Qxd5 3. Nc3 Qa5 4. Nf3 Nf6 5. d3 Nc6 6. Bd2 Bg4 7. Be2 Qh5 8. Bf4 e5 9. Be3 Bb4 10. a3 Bd6 11. Qd2 O-O-O 12. O-O-O h6 13. h3 Be6 14. Nh4 Ng4 15. hxg4 Bxg4 16. f3 f5 17. fxg4 fxg4 18. Rdf1 Rhf8 19. Nf5 Qg6 20. Nxd6+ Qxd6 21. Rxf8 Rxf8 22. Bxg4+ Kb8 23. Bf3 Nd4 24. Bxd4 exd4 25. Ne4 Qe6 26. b3 Qc6 27. Qb4 Qe8 28. Re1 b6 29. Nc5 Qd8 30. Ne6 1-0

[Event "NAYCC U12"]
[Site "Toronto CAN"]
[Date "2013.08.18"]
[Round "8"]
[White "Deng, Yi"]
[Black "Minzak, Michael"]
[Result "1-0"]
[WhiteElo "1244"]
[BlackElo "1051"]
[PlyCount "91"]
[GameId "2160767909275618"]
[EventDate "2013.08.14"]
[EventType "swiss"]
[EventRounds "9"]
[EventCountry "CAN"]
[SourceTitle "EXT 2022"]
[Source "ChessBase"]
[SourceDate "2021.10.06"]
[SourceVersion "1"]
[SourceVersionDate "2021.10.06"]
[SourceQuality "1"]

1. c4 e5 2. Nc3 Nf6 3. e4 Bc5 4. d3 d6 5. Bg5 h6 6. Bh4 g5 7. Bg3 Nc6 8. Nf3 Be6 9. h3 Qd7 10. Nd5 Bxd5 11. cxd5 Nd4 12. a3 Nh5 13. Bh2 f5 14. Nxd4 Bxd4 15. Qxh5+ Kd8 16. Rb1 Qb5 17. Be2 Bc3+ 18. Kf1 Bxb2 19. Qf7 fxe4 20. dxe4 Qc5 21. Qf6+ Ke8 22. Qxh8+ Ke7 23. Qxa8 Bxa3 24. Qxb7 Kd7 25. Qc6+ Qxc6 26. dxc6+ Kxc6 27. g3 Bc5 28. Kg2 a5 29. Ra1 Bb6 30. Bg1 Kb7 31. f3 c5 32. h4 g4 33. fxg4 Kc6 34. g5 hxg5 35. hxg5 d5 36. exd5+ Kxd5 37. g6 Ke6 38. Bd3 a4 39. Bxc5 Bxc5 40. Rhc1 a3 41. Rxc5 a2 42. Rxa2 e4 43. Bxe4 Kf6 44. Ra6+ Kg7 45. Rc7+ Kf8 46. Ra8# 1-0

[Event "NAYCC U12"]
[Site "Toronto CAN"]
[Date "2013.08.18"]
[Round "8"]
[White "Frutos, Chase"]
[Black "Zotkin, Daniel"]
[Result "0-1"]
[WhiteElo "1942"]
[BlackElo "1974"]
[PlyCount "104"]
[GameId "2160767909275619"]
[EventDate "2013.08.14"]
[EventType "swiss"]
[EventRounds "9"]
[EventCountry "CAN"]
[SourceTitle "EXT 2022"]
[Source "ChessBase"]
[SourceDate "2021.10.06"]
[SourceVersion "1"]
[SourceVersionDate "2021.10.06"]
[SourceQuality "1"]

1. e4 c5 2. Nc3 Nc6 3. Bb5 d6 4. Nf3 Bd7 5. O-O g6 6. d3 Bg7 7. Re1 a6 8. Bxc6 Bxc6 9. Bf4 e6 10. Qd2 Ne7 11. Rad1 e5 12. Be3 O-O 13. Bh6 f5 14. Bxg7 Kxg7 15. Qg5 h6 16. Qd2 f4 17. Ne2 g5 18. h3 Bd7 19. c3 g4 20. hxg4 Bxg4 21. Nh2 Bh5 22. d4 cxd4 23. cxd4 Nc6 24. dxe5 dxe5 25. Qc3 Qe7 26. Qh3 Be8 27. Nc3 Nd4 28. Nf3 Nxf3+ 29. Qxf3 Bc6 30. Nd5 Qf7 31. Qg4+ Kh7 32. Nb4 Rg8 33. Qh3 Bb5 34. Rd5 Rg5 35. Rd6 Rh5 36. Qe6 Qg7 37. Nd5 Rg5 38. Qh3 Rf8 39. Rc1 Rf7 40. Rc3 Bc6 41. f3 Rg3 42. Qh2 Qg5 43. Rd3 Bb5 44. Rc3 Bc6 45. Kf2 Bxd5 46. Rxd5 Rg7 47. Ke1 Rxg2 48. Qh3 Rxb2 49. Rcd3 Qg1+ 50. Qf1 Rb1+ 51. Rd1 Qe3+ 52. Qe2 Rg1# 0-1

[Event "NAYCC U12"]
[Site "Toronto CAN"]
[Date "2013.08.18"]
[Round "8"]
[White "Hemmat, Alexander"]
[Black "Ju, Terrence"]
[Result "1-0"]
[WhiteElo "1688"]
[BlackElo "1388"]
[PlyCount "55"]
[GameId "2160767909275620"]
[EventDate "2013.08.14"]
[EventType "swiss"]
[EventRounds "9"]
[EventCountry "CAN"]
[SourceTitle "EXT 2022"]
[Source "ChessBase"]
[SourceDate "2021.10.06"]
[SourceVersion "1"]
[SourceVersionDate "2021.10.06"]
[SourceQuality "1"]

1. d4 Nf6 2. c4 g6 3. Nc3 Bg7 4. e4 d6 5. Nf3 O-O 6. Be2 e5 7. dxe5 dxe5 8. Be3 Nbd7 9. Qd2 Ng4 10. Bg5 f6 11. Bh4 c6 12. h3 Nh6 13. Rd1 Qe7 14. a3 a5 15. Bg3 Nb6 16. O-O Be6 17. b3 Qxa3 18. Ra1 Qb4 19. Qe3 Rfd8 20. Na4 Nxa4 21. Rxa4 Qe7 22. Rfa1 f5 23. Bh4 Bf6 24. Bxf6 Qxf6 25. Qxh6 f4 26. Ng5 Rd7 27. Nxe6 Qxe6 28. Bg4 1-0

[Event "NAYCC U12"]
[Site "Toronto CAN"]
[Date "2013.08.18"]
[Round "8"]
[White "Hou, Frank Gui"]
[Black "Balachandran, Henushan"]
[Result "1-0"]
[WhiteElo "987"]
[BlackElo "958"]
[PlyCount "67"]
[GameId "2160767909275621"]
[EventDate "2013.08.14"]
[EventType "swiss"]
[EventRounds "9"]
[EventCountry "CAN"]
[SourceTitle "EXT 2022"]
[Source "ChessBase"]
[SourceDate "2021.10.06"]
[SourceVersion "1"]
[SourceVersionDate "2021.10.06"]
[SourceQuality "1"]

1. e4 e5 2. Nf3 Nc6 3. Bc4 Nf6 4. Nc3 Bc5 5. d3 h6 6. O-O O-O 7. Be3 Nd4 8. Bxd4 Bxd4 9. Nxd4 exd4 10. Ne2 c5 11. Ng3 b6 12. e5 Nh7 13. f4 Bb7 14. Qg4 Kh8 15. Nf5 g6 16. Nxh6 Qe7 17. Nxf7+ Rxf7 18. Bxf7 Qxf7 19. a3 Rg8 20. Rae1 Qd5 21. Re2 g5 22. f5 Re8 23. e6 dxe6 24. fxe6 Nf8 25. e7 Ng6 26. Rf5 Qc6 27. Qxg5 Nxe7 28. Qh5+ Kg7 29. Qf7+ Kh6 30. Rf6+ Qxf6 31. Qxf6+ Kh7 32. Rxe7+ Rxe7 33. Qxe7+ Kg6 34. Qxb7 1-0

[Event "NAYCC U12"]
[Site "Toronto CAN"]
[Date "2013.08.18"]
[Round "8"]
[White "Huang, Immanuel"]
[Black "Yong, Hoyin"]
[Result "1-0"]
[WhiteElo "1517"]
[BlackElo "1123"]
[PlyCount "111"]
[GameId "2160767909275622"]
[EventDate "2013.08.14"]
[EventType "swiss"]
[EventRounds "9"]
[EventCountry "CAN"]
[SourceTitle "EXT 2022"]
[Source "ChessBase"]
[SourceDate "2021.10.06"]
[SourceVersion "1"]
[SourceVersionDate "2021.10.06"]
[SourceQuality "1"]

1. e4 e5 2. Nf3 Nc6 3. d4 exd4 4. Bc4 Nf6 5. O-O d6 6. Nxd4 Be7 7. Nc3 Nxd4 8. Qxd4 Be6 9. Bxe6 fxe6 10. e5 dxe5 11. Qxe5 Qd6 12. Qe2 Nd5 13. Nxd5 Qxd5 14. Re1 O-O-O 15. Bf4 Bd6 16. Bxd6 Rxd6 17. Rad1 Qf5 18. Rxd6 cxd6 19. Qxe6+ Qxe6 20. Rxe6 Kd7 21. Re2 Rc8 22. Kf1 Rc6 23. Ke1 Ra6 24. a3 Rb6 25. b3 d5 26. Kd2 Rh6 27. h3 Rg6 28. g3 Rh6 29. h4 g5 30. hxg5 Rg6 31. f4 h6 32. gxh6 Rxh6 33. g4 Rg6 34. g5 Rg8 35. Kd3 Rf8 36. Rf2 Ke6 37. Ke3 b6 38. Kf3 Kf5 39. Re2 Rc8 40. Re5+ Kg6 41. Rxd5 Rxc2 42. Rd6+ Kg7 43. Rd7+ Kg6 44. Rxa7 Rc3+ 45. Kg4 Rg3+ 46. Kxg3 Kf5 47. Rf7+ Ke4 48. g6 b5 49. g7 b4 50. g8=Q bxa3 51. Qe8+ Kd3 52. Rc7 a2 53. Qd7+ Ke2 54. Qe6+ Kd2 55. Kf2 a1=Q 56. Qe2# 1-0

[Event "NAYCC U12"]
[Site "Toronto CAN"]
[Date "2013.08.18"]
[Round "8"]
[White "Kelly, Joey M"]
[Black "Xu, Jeffrey"]
[Result "0-1"]
[WhiteElo "1936"]
[BlackElo "1976"]
[PlyCount "68"]
[GameId "2160767909275623"]
[EventDate "2013.08.14"]
[EventType "swiss"]
[EventRounds "9"]
[EventCountry "CAN"]
[SourceTitle "EXT 2022"]
[Source "ChessBase"]
[SourceDate "2021.10.06"]
[SourceVersion "1"]
[SourceVersionDate "2021.10.06"]
[SourceQuality "1"]

1. d4 e6 2. c4 Nf6 3. Nf3 Bb4+ 4. Bd2 Qe7 5. g3 Nc6 6. Nc3 Bxc3 7. Bxc3 Ne4 8. Rc1 Nxc3 9. Rxc3 O-O 10. Bg2 d6 11. O-O e5 12. e3 Bg4 13. d5 Nb8 14. Qb3 b6 15. Nd2 Nd7 16. Qc2 a5 17. b3 f5 18. a3 f4 19. exf4 exf4 20. Nf3 Qf6 21. h3 Bh5 22. b4 Rae8 23. Qd2 Ne5 24. Nd4 f3 25. Bh1 Kh8 26. g4 Bxg4 27. hxg4 Qh4 28. Nf5 Rxf5 29. gxf5 Qg4+ 30. Kh2 Rf8 31. Bxf3 Nxf3+ 32. Rxf3 Qxf3 33. Qe3 Qxf5 34. bxa5 bxa5 0-1

[Event "NAYCC U12"]
[Site "Toronto CAN"]
[Date "2013.08.18"]
[Round "8"]
[White "Kishkimbayev, Alisher"]
[Black "Yie, Kevin Yi Xiao"]
[Result "0-1"]
[WhiteElo "1201"]
[BlackElo "1578"]
[PlyCount "81"]
[GameId "2160767909275624"]
[EventDate "2013.08.14"]
[EventType "swiss"]
[EventRounds "9"]
[EventCountry "CAN"]
[SourceTitle "EXT 2022"]
[Source "ChessBase"]
[SourceDate "2021.10.06"]
[SourceVersion "1"]
[SourceVersionDate "2021.10.06"]
[SourceQuality "1"]

1. d4 e6 2. c4 d5 3. Nc3 c6 4. Nf3 dxc4 5. a4 Bb4 6. e3 b5 7. Bd2 Bxc3 8. Bxc3 Nf6 9. Be2 Nbd7 10. O-O O-O 11. b3 Nd5 12. Qc2 b4 13. Be1 c3 14. Ne5 Nxe5 15. dxe5 a5 16. Rd1 Qc7 17. e4 Nf4 18. Rd6 Nxe2+ 19. Qxe2 Ba6 20. Qe3 Bxf1 21. Kxf1 Rfd8 22. Qc5 Rdc8 23. f4 Qa7 24. Bf2 Qxc5 25. Bxc5 c2 26. Be3 c5 27. Ke2 c4 28. bxc4 Rxc4 29. Bc1 b3 30. Kd3 b2 31. Bxb2 c1=Q 32. Bxc1 Rxc1 33. Kd2 Rc4 34. f5 exf5 35. exf5 Kf8 36. e6 fxe6 37. fxe6 Ke7 38. Rd7+ Kxe6 39. Rxg7 Rh4 40. h3 h5 41. Rb7 0-1